Statistics for Sikhism by Countries

Click here to take the quiz!

General Stats

  • This quiz has been taken 33 times
  • The average score is 6 of 14

Answer Stats

Percentage of SikhCountries% Correct
1.72%India
100%
2.12%Canada
87%
0.85%UK
77%
0.83%Australia
65%
0.87%New Zealand
65%
0.56%UAE
45%
0.1%Thailand
42%
0.37%Italy
35%
0.35%Kuwait
32%
0.31%Fiji
26%
0.75%Oman
26%
0.19%Greece
16%
0.34%Portugal
13%
1.07%Cyprus
10%

Score Distribution

Percentile by Number Answered

Percent of People with Each Score

Your Score History

You have not taken this quiz